<?xml version="1.0" encoding="UTF-8"?>
<record
    xmlns:xsi="http://www.w3.org/2001/XMLSchema-instance"
    xsi:schemaLocation="http://www.loc.gov/MARC21/slim http://www.loc.gov/standards/marcxml/schema/MARC21slim.xsd"
    xmlns="http://www.loc.gov/MARC21/slim">

  <leader>00686nam a22001937a 4500</leader>
  <controlfield tag="003">OSt</controlfield>
  <controlfield tag="005">20150408114111.0</controlfield>
  <controlfield tag="008">130126i    2012jo ||||g |||| 00| 0 ara d</controlfield>
  <datafield tag="020" ind1=" " ind2=" ">
    <subfield code="a">9789957504946</subfield>
  </datafield>
  <datafield tag="040" ind1=" " ind2=" ">
    <subfield code="a">Ma-un</subfield>
  </datafield>
  <datafield tag="082" ind1=" " ind2=" ">
    <subfield code="2">21</subfield>
    <subfield code="a">658.8342 </subfield>
    <subfield code="b">&#x63A; &#x62D; &#x633;</subfield>
  </datafield>
  <datafield tag="100" ind1=" " ind2=" ">
    <subfield code="a">&#x627;&#x644;&#x63A;&#x62F;&#x64A;&#x631;&#x60C; &#x62D;&#x645;&#x62F; &#x631;&#x627;&#x634;&#x62F; </subfield>
    <subfield code="9">19732</subfield>
  </datafield>
  <datafield tag="245" ind1=" " ind2=" ">
    <subfield code="a">&#x633;&#x644;&#x648;&#x643; &#x627;&#x644;&#x645;&#x633;&#x62A;&#x647;&#x644;&#x643; : </subfield>
    <subfield code="b">&#x645;&#x62F;&#x62E;&#x644; &#x645;&#x62A;&#x643;&#x627;&#x645;&#x644; /</subfield>
    <subfield code="c">&#x62D;&#x645;&#x62F; &#x631;&#x627;&#x634;&#x62F; &#x627;&#x644;&#x63A;&#x62F;&#x64A;&#x631;&#x60C;</subfield>
    <subfield code="h">&#x631;&#x634;&#x627;&#x62F; &#x645;&#x62D;&#x645;&#x62F; &#x64A;&#x648;&#x633;&#x641; &#x627;&#x644;&#x633;&#x627;&#x639;&#x62F;.</subfield>
  </datafield>
  <datafield tag="300" ind1=" " ind2=" ">
    <subfield code="a">276 &#x635;. : </subfield>
    <subfield code="b">&#x625;&#x64A;&#x636;. &#x61B;</subfield>
    <subfield code="c"> 24 &#x633;&#x645;.</subfield>
  </datafield>
  <datafield tag="504" ind1=" " ind2=" ">
    <subfield code="a">&#x628;&#x628;&#x644;&#x64A;&#x648;&#x62C;&#x631;&#x627;&#x641;&#x64A;&#x629; : 373- 377</subfield>
  </datafield>
  <datafield tag="650" ind1=" " ind2=" ">
    <subfield code="9">14209</subfield>
    <subfield code="a">&#x62D;&#x645;&#x627;&#x64A;&#x629; &#x627;&#x644;&#x645;&#x633;&#x62A;&#x647;&#x644;&#x643;</subfield>
  </datafield>
  <datafield tag="650" ind1=" " ind2=" ">
    <subfield code="a">&#x627;&#x644;&#x645;&#x633;&#x62A;&#x647;&#x644;&#x643;&#x648;&#x646;</subfield>
    <subfield code="x">&#x633;&#x644;&#x648;&#x643; &#x62D;&#x64A;&#x627;&#x629; </subfield>
    <subfield code="9">19733</subfield>
  </datafield>
  <datafield tag="942" ind1=" " ind2=" ">
    <subfield code="2">ddc</subfield>
    <subfield code="c">BOOK</subfield>
  </datafield>
  <datafield tag="999" ind1=" " ind2=" ">
    <subfield code="c">26994</subfield>
    <subfield code="d">261494</subfield>
  </datafield>
  <datafield tag="952" ind1=" " ind2=" ">
    <subfield code="1">0</subfield>
    <subfield code="2">2013-03-10</subfield>
    <subfield code="4">0</subfield>
    <subfield code="7">1</subfield>
    <subfield code="a">658.8342  &#xD8;&#xBA; &#xD8;&#xAD; &#xD8;&#xB3;</subfield>
    <subfield code="c">1</subfield>
    <subfield code="d">2013-01-26</subfield>
    <subfield code="h">CL</subfield>
    <subfield code="i">00301640</subfield>
    <subfield code="m">CL</subfield>
    <subfield code="r">2013-03-10 00:00:00</subfield>
    <subfield code="t">BOOK</subfield>
    <subfield code="w">ddc</subfield>
    <subfield code="y">0</subfield>
  </datafield>
  <datafield tag="952" ind1=" " ind2=" ">
    <subfield code="1">0</subfield>
    <subfield code="2">2013-03-10</subfield>
    <subfield code="4">0</subfield>
    <subfield code="7">0</subfield>
    <subfield code="a">658.8342  &#x63A; &#x62D; &#x633;</subfield>
    <subfield code="c">2</subfield>
    <subfield code="d">2013-01-26</subfield>
    <subfield code="h">CL</subfield>
    <subfield code="i">00301641</subfield>
    <subfield code="m">CL</subfield>
    <subfield code="r">2013-03-10 00:00:00</subfield>
    <subfield code="t">BOOK</subfield>
    <subfield code="w">ddc</subfield>
    <subfield code="y">0</subfield>
  </datafield>
  <datafield tag="952" ind1=" " ind2=" ">
    <subfield code="1">0</subfield>
    <subfield code="2">2013-03-10</subfield>
    <subfield code="4">0</subfield>
    <subfield code="7">0</subfield>
    <subfield code="a">658.8342  &#x63A; &#x62D; &#x633;</subfield>
    <subfield code="c">3</subfield>
    <subfield code="d">2013-01-26</subfield>
    <subfield code="h">CL</subfield>
    <subfield code="i">00301642</subfield>
    <subfield code="m">CL</subfield>
    <subfield code="o">1</subfield>
    <subfield code="q">2018-10-17</subfield>
    <subfield code="r">2019-02-06 00:00:00</subfield>
    <subfield code="t">BOOK</subfield>
    <subfield code="w">ddc</subfield>
    <subfield code="y">2</subfield>
  </datafield>
  <datafield tag="952" ind1=" " ind2=" ">
    <subfield code="1">0</subfield>
    <subfield code="2">2013-03-10</subfield>
    <subfield code="4">0</subfield>
    <subfield code="7">1</subfield>
    <subfield code="a">658.8342  &#x63A; &#x62D; &#x633;</subfield>
    <subfield code="c">1</subfield>
    <subfield code="d">2013-01-26</subfield>
    <subfield code="h">SHF</subfield>
    <subfield code="i">00301643</subfield>
    <subfield code="m">SHF</subfield>
    <subfield code="r">2013-03-10 00:00:00</subfield>
    <subfield code="t">BOOK</subfield>
    <subfield code="w">ddc</subfield>
    <subfield code="y">0</subfield>
  </datafield>
  <datafield tag="952" ind1=" " ind2=" ">
    <subfield code="1">0</subfield>
    <subfield code="2">2013-03-10</subfield>
    <subfield code="4">0</subfield>
    <subfield code="7">0</subfield>
    <subfield code="a">658.8342  &#x63A; &#x62D; &#x633;</subfield>
    <subfield code="c">2</subfield>
    <subfield code="d">2013-01-26</subfield>
    <subfield code="h">SHF</subfield>
    <subfield code="i">00301644</subfield>
    <subfield code="m">SHF</subfield>
    <subfield code="r">2013-03-10 00:00:00</subfield>
    <subfield code="t">BOOK</subfield>
    <subfield code="w">ddc</subfield>
    <subfield code="y">0</subfield>
  </datafield>
  <datafield tag="952" ind1=" " ind2=" ">
    <subfield code="1">0</subfield>
    <subfield code="2">2013-03-10</subfield>
    <subfield code="4">0</subfield>
    <subfield code="7">1</subfield>
    <subfield code="a">658.8342  &#x63A; &#x62D; &#x633;</subfield>
    <subfield code="c">1</subfield>
    <subfield code="d">2013-01-26</subfield>
    <subfield code="h">SRF</subfield>
    <subfield code="i">00301645</subfield>
    <subfield code="m">SRF</subfield>
    <subfield code="r">2013-03-10 00:00:00</subfield>
    <subfield code="t">BOOK</subfield>
    <subfield code="w">ddc</subfield>
    <subfield code="y">0</subfield>
  </datafield>
  <datafield tag="952" ind1=" " ind2=" ">
    <subfield code="1">0</subfield>
    <subfield code="2">2013-03-10</subfield>
    <subfield code="4">0</subfield>
    <subfield code="7">0</subfield>
    <subfield code="a">658.8342  &#x63A; &#x62D; &#x633;</subfield>
    <subfield code="c">2</subfield>
    <subfield code="d">2013-01-26</subfield>
    <subfield code="h">SRF</subfield>
    <subfield code="i">00301646</subfield>
    <subfield code="m">SRF</subfield>
    <subfield code="r">2013-03-10 00:00:00</subfield>
    <subfield code="t">BOOK</subfield>
    <subfield code="w">ddc</subfield>
    <subfield code="y">0</subfield>
  </datafield>
  <datafield tag="952" ind1=" " ind2=" ">
    <subfield code="1">0</subfield>
    <subfield code="2">2013-03-10</subfield>
    <subfield code="4">0</subfield>
    <subfield code="7">1</subfield>
    <subfield code="a">658.8342  &#x63A; &#x62D; &#x633;</subfield>
    <subfield code="c">1</subfield>
    <subfield code="d">2013-01-26</subfield>
    <subfield code="h">SRM</subfield>
    <subfield code="i">00301647</subfield>
    <subfield code="m">SRM</subfield>
    <subfield code="r">2013-03-10 00:00:00</subfield>
    <subfield code="t">BOOK</subfield>
    <subfield code="w">ddc</subfield>
    <subfield code="y">0</subfield>
  </datafield>
  <datafield tag="952" ind1=" " ind2=" ">
    <subfield code="1">0</subfield>
    <subfield code="2">2013-03-10</subfield>
    <subfield code="4">0</subfield>
    <subfield code="7">0</subfield>
    <subfield code="a">658.8342  &#x63A; &#x62D; &#x633;</subfield>
    <subfield code="c">2</subfield>
    <subfield code="d">2013-01-26</subfield>
    <subfield code="h">SRM</subfield>
    <subfield code="i">00301648</subfield>
    <subfield code="m">SRM</subfield>
    <subfield code="r">2013-03-10 00:00:00</subfield>
    <subfield code="t">BOOK</subfield>
    <subfield code="w">ddc</subfield>
    <subfield code="y">0</subfield>
  </datafield>
</record>
